[Event "Duesseldorf Nord Cup 9th GrG"]
[Site "Duesseldorf"]
[Date "2009.08.15"]
[Round "3.3"]
[White "Faktorovich, Ilja"]
[Black "Kuhn, Wolfgang"]
[Result "1/2-1/2"]
[WhiteElo "1969"]
[BlackElo "1772"]
[PlyCount "37"]
[EventDate "2009.08.14"]
[EventType "tourn"]
[EventRounds "5"]
[EventCountry "GER"]
[SourceTitle "EXT 2017"]
[Source "ChessBase"]
[SourceDate "2016.10.25"]
[SourceVersion "1"]
[SourceVersionDate "2016.10.25"]
[SourceQuality "1"]

1. e4 c6 2. d4 d5 3. Nc3 dxe4 4. Nxe4 Nd7 5. Nf3 Ngf6 6. Ng3 e6 7. Bd3 c5 8. 0-0 cxd4 9. Nxd4 Be7 10. c4 0-0 11. Be3 Ne5 12. Be2 Bd7 13. Qb3 b6 14. Rfd1 Qc8 15. h3 Ng6 16. Bf3 Rb8 17. Rac1 Nh4 18. Be2 Qb7 19. Nf3 1/2-1/2